Animateurs TV - Statistiques

Statistiques générales
  • Ce quiz a été pris 864 fois
  • Le résultat moyen est 28 sur 50
Statistiques - réponses
Animateur Emission % Correct
Nagui N'oubliez pas les paroles
98%
Cyril Hanouna Touche pas à mon poste
95%
Jean-Luc Reichmann Les 12 coups de midi
93%
Julien Lepers Questions pour un champion ( 1988-2016 )
85%
Karine Le Marchand L'amour est dans le pré ( à partir de la saison 5 )
85%
Stéphane Plaza Recherche appartement ou maison
85%
Jean-Pierre Foucault Qui veut gagner des millions ? ( 2000-2016 )
84%
Cristina Córdula Les Reines du shopping
82%
Laurent Ruquier On n'est pas couché
81%
Patrick Sébastien Le Plus Grand Cabaret du monde
80%
Lagaf' Le Bigdil
79%
Nikos Aliagas Star Academy
79%
Olivier Minne Fort Boyard ( à partir de 2003 )
79%
Denis Brogniart Koh-Lanta
78%
Arthur Les Enfants de la télé ( 1994-2016 )
77%
Cyril Féraud Slam
77%
Laurence Boccolini Le maillon faible
75%
Stéphane Bern Secrets d'histoire
73%
Alain Chabat Burger Quiz
72%
Benjamin Castaldi Secret Story ( 2007-2014 )
72%
Valérie Damidot D&CO
71%
Tex Les Z'amours ( 2000-2018 )
69%
Yann Barthès Quotidien
69%
Sophie Davant Affaire conclue
66%
Thierry Ardisson Salut les terriens !
65%
Michel Drucker Champs-Elysées
57%
Thierry Beccaro Motus
56%
Harry Roselmack Sept à huit ( à partir de 2006 )
55%
Stéphane Rotenberg Pékin Express
53%
Jacques Martin L'école des fans ( 1977-1998 )
46%
Christophe Dechavanne Ciel, mon mardi !
45%
Faustine Bollaert Ça commence aujourd'hui
42%
Julien Courbet Sans aucun doute
40%
David Ginola La France a un incroyable talent ( depuis 2016 )
39%
Matthieu Delormeau Tellement vrai ( 2008-2015 )
38%
Anne-Élisabeth Lemoine C à vous ( depuis 2017 )
35%
Jean-Luc Delarue Ça se discute
33%
Michel Denisot Le Grand Journal ( 2004-2013 )
33%
Dorothée Récré A2 ( 1977-1987 )
32%
Christine Bravo Frou-frou
30%
Patrick Sabatier Le jeu de la vérité
30%
Philippe Gildas Nulle part ailleurs ( 1987-1997 )
26%
Fabrice La classe
24%
Daphné Burki Je t'aime, etc.
22%
Marc-Olivier Fogiel On ne peut pas plaire à tout le monde
22%
Valérie Bénaïm C'est que de la télé ! ( depuis 2018 )
21%
Alessandra Sublet Un soir à la tour Eiffel
20%
Yves Calvi C dans l'air ( 2001-2016 )
18%
Mireille Dumas Bas les masques
17%
Jacky Platine 45
8%
Aucun quiz correspondant
Distribution des résultats
% des personnes avec chaque résultat
Percentile par nombre de réponses
Votre historique - résultats
Vous n’avez pas pris ce quiz